Taylor Swift- Vigilante Sh*t (All Lyrics) - Statistics

General Stats
  • This quiz has been taken 807 times
  • The average score is 220 of 261
Answer Stats
Lyrics % Correct
I
100%
a
99%
men
98%
the
98%
The
98%
You
96%
you
96%
be
95%
but
95%
don't
95%
Don't
95%
I'm
95%
So
95%
so
95%
to
95%
dress
94%
for
94%
me
94%
been
93%
I've
93%
dressin'
92%
kill
92%
Lately,
92%
on
92%
revenge
92%
some
92%
can
91%
enough
91%
it
91%
man
91%
of
91%
shit,
91%
shit
91%
women
91%
and
90%
And
90%
in
90%
She
90%
she
90%
cat
89%
eye
88%
get
88%
he
88%
sharp
88%
them
88%
your
88%
Draw
87%
how
87%
looks
87%
worst
87%
ends
86%
bad
85%
tell
85%
did
84%
even
84%
she's
83%
things,
83%
start
82%
weekends
82%
pretty
81%
Drivin'
80%
might
80%
sad,
80%
got
79%
say
79%
try
79%
vigilante
79%
where
79%
Benz
78%
friends
78%
from?
78%
They
78%
had
77%
her
77%
lady
77%
think
76%
gave
73%
wife
73%
ex-
72%
know
72%
last
71%
want
71%
envelope,
70%
house,
70%
Ladies
70%
what
70%
with
70%
FBI
69%
kids,
69%
Someone
69%
wonder
69%
all
68%
cold,
68%
dressing
68%
hard
68%
proof,
68%
which
68%
lie
67%
needed
67%
people
67%
always
66%
lines
66%
Now
66%
above
65%
gets
65%
my
65%
rise
65%
was
65%
doin'
64%
as
63%
Or
63%
crossin'
62%
kind
62%
mine
62%
Sometimes
62%
Picture
61%
simply
61%
thieves
60%
white-
60%
fun
59%
his
59%
pride
59%
sweet
59%
thick
59%
told
59%
again
57%
crimes
57%
innocents
57%
collar
55%
villains
55%
While
40%
one'll
31%
No matching quizzes found
Score Distribution
Percent of People with Each Score
Percentile by Number Answered
Your Score History
You have not taken this quiz